书目信息 |
| 题名: |
羽毛
|
|
| 作者: | 克拉克 著 ;李祖凰 译 | |
| 分册: | ||
| 出版信息: | 北京 电子工业出版社 2018 |
|
| 页数: | 176页 | |
| 开本: | 24cm | |
| 丛书名: | 左右系列 | |
| 单 册: | ||
| 中图分类: | Q959.7-49 | |
| 科图分类: | ||
| 主题词: | 鸟类--niao lei--羽毛--普及读物 | |
| 电子资源: | ||
| ISBN: | 978-7-121-34479-4 | |
| 000 | 01282cam 2200325 450 | |
| 001 | 012001002552 | |
| 005 | 20140101153809.0 | |
| 010 | @a978-7-121-34479-4@b精装@dCNY89.00 | |
| 099 | @aCAL 012018110276 | |
| 100 | @a20180727d2018 em y0chiy50 ea | |
| 101 | 1 | @achi@ceng |
| 102 | @aCN@b110000 | |
| 105 | @aa a 000yy | |
| 106 | @ar | |
| 200 | 1 | @a羽毛@Ayu mao@e鸟类闪耀的风采@d= Feathers@edisplays of brilliant plumage@f(美) 罗伯特·克拉克著@g李祖凰译@zeng |
| 210 | @a北京@c电子工业出版社@d2018 | |
| 215 | @a176页@c彩图@d24cm | |
| 225 | 2 | @a左右系列@Azuo you xi lie |
| 306 | @a由Chronicle Books LLC授权出版 | |
| 320 | @a有书目 (第173-176页) | |
| 330 | @a本书通过大量的精美照片为读者提供一个迷人且独特的视角去了解看似简单的东西:鸟类羽毛,羽毛有着各具特色的美和数不清的功能,保暖、飞行、吸引异性。书中每个细节特写都配有丰富的关于功用和羽毛演化的内容描述。 | |
| 410 | 0 | @12001 @a左右系列 |
| 500 | 10 | @aFeathers : displays of brilliant plumage@mChinese |
| 517 | 1 | @a鸟类闪耀的风采@Aniao lei shan yao de feng cai |
| 606 | 0 | @a鸟类@Aniao lei@x羽毛@j普及读物 |
| 690 | @aQ959.7-49@v5 | |
| 701 | 1 | @a克拉克@Ake la ke@g(Clark, Robert),@f1961-@4著 |
| 702 | 0 | @a李祖凰@Ali zu huang@4译 |
| 801 | 0 | @aCN@b北京卓展@c20191020 |
| 905 | @b1203852-5@dQ959.7-49@e256@f4 | |
| 羽毛:鸟类闪耀的风采= Feathers:displays of brilliant plumage/(美) 罗伯特·克拉克著/李祖凰译.-北京:电子工业出版社,2018 |
| 176页:彩图;24cm.-(左右系列) |
| ISBN 978-7-121-34479-4(精装):CNY89.00 |
| 本书通过大量的精美照片为读者提供一个迷人且独特的视角去了解看似简单的东西:鸟类羽毛,羽毛有着各具特色的美和数不清的功能,保暖、飞行、吸引异性。书中每个细节特写都配有丰富的关于功用和羽毛演化的内容描述。 |
| ● |
| 相关链接 |
|
|
|
|
正题名:羽毛
索取号:Q959.7-49/256
 
预约/预借
| 序号 | 登录号 | 条形码 | 馆藏地/架位号 | 状态 | 备注 |
| 1 | 1203852 | 212038524 | 第二样本阅览室/ [索取号:Q959.7-49/256] | 在馆 | |
| 2 | 1203853 | 212038533 | 第三借阅区/ [索取号:Q959.7-49/256] | 在馆 | |
| 3 | 1203854 | 212038542 | 第三借阅区/ [索取号:Q959.7-49/256] | 在馆 | |
| 4 | 1203855 | 212038551 | 第三借阅区/ [索取号:Q959.7-49/256] | 在馆 |